000
00216nam a22000977a 4500
003
SGT
245
_a
Journal of Oral and maxillofacial Surgery
260
_b
Elsevier
_c
2021
300
_a
941,1802,2607
942
_2
ddc
_c
BV
999
_c
30286
_d
30286